Top 50 Alternative Rock Albums - Statistics

General Stats
  • This quiz has been taken 126 times
  • The average score is 20 of 50
Answer Stats
Artist Album % Correct
#1: Radiohead OK Computer
91%
#8: Nirvana Nevermind
90%
#12: Nirvana In Utero
77%
#4: Radiohead In Rainbows
74%
#9: Radiohead The Bends
73%
#27: Weezer Weezer
72%
#6: The Smiths The Queen is Dead
65%
#36: Pearl Jam Ten
63%
#2: My Bloody Valentine Loveless
58%
#14: The Smashing Pumpkins Siamese Dream
58%
#5: Pixies Doolittle
56%
#16: Jeff Buckley Grace
56%
#29: The Smashing Pumpkins Mellon Collie and the Infinite Sadness
56%
#43: Weezer Pinkerton
54%
#30: Alice in Chains Dirt
51%
#3: Neutral Milk Hotel In the Aeroplane Over the Sea
51%
#33: The Strokes Is This It
47%
#42: The Smiths The Smiths
47%
#13: Pixies Surfer Rosa
46%
#28: Queens of the Stone Age Songs for the Deaf
42%
#25: The Stone Roses The Stone Roses
42%
#10: Sonic Youth Daydream Nation
41%
#7: Arcade Fire Funeral
41%
#32: Radiohead Hail to the Thief
41%
#48: Soundgarden Superunknown
40%
#23: Cocteau Twins Heaven or Las Vegas
39%
#11: Slowdive Souvlaki
38%
#39: R.E.M. Automatic for the People
37%
#15: Interpol Turn On the Bright Lights
33%
#49: Pulp Different Class
31%
#18: The Smiths Hatful of Hollow
31%
#38: Pavement Slanted and Enchanted
27%
#31: R.E.M. Murmur
26%
#20: Wilco Yankee Hotel Foxtrot
26%
#19: Pavement Crooked Rain, Crooked Rain
25%
#21: The Microphones The Glow Pt. 2
25%
#17: Modest Mouse The Lonesome Crowded West
21%
#34: Sonic Youth Sister
20%
#50: Faith No More Angel Dust
18%
#44: Have a Nice Life Deathconsciousness
18%
#35: Cocteau Twins Treasure
18%
#37: The Replacements Let It Be
16%
#22: Fishmans Long Season
15%
#45: Yo La Tengo I Can Hear the Heart Beating as One
13%
#26: Built to Spill Perfect from Now On
13%
#41: Dinosaur Jr. You're Living All Over Me
13%
#24: Modest Mouse The Moon & Antarctica
12%
#40: Nick Cave and the Bad Seeds Let Love In
11%
#47: Red House Painters Down Colorful Hill
7%
#46: Unwound Leaves Turn Inside You
6%
No matching quizzes found
Score Distribution
Percent of People with Each Score
Percentile by Number Answered
Your Score History
You have not taken this quiz